Internet - (k)eine Männerdomäne: Geschlechtsspezifische Unterschiede bei der Online-Nutzung und -bewertung

Gespeichert in:  
Bibliographische Detailangaben
Medienart: Druck Aufsatz
Sprache:Deutsch
Veröffentlicht: Frankfurt a.M. 1999
In: Media-Perspektiven
Jahr: 1999, Heft: 8, Seiten: 423-429
Verfügbarkeit prüfen: HBZ Gateway
Schlagwörter:

MARC

LEADER 00000caa a22000002c 4500
001 1637011571
003 DE-627
005 20241125173249.0
007 tu
008 151023s1999 xx ||||| 00| ||ger c
035 |a (DE-627)1637011571 
035 |a (DE-576)447775731 
035 |a (DE-599)BSZ447775731 
040 |a DE-627  |b ger  |c DE-627  |e rakwb 
041 |a ger 
245 0 0 |a Internet - (k)eine Männerdomäne  |b Geschlechtsspezifische Unterschiede bei der Online-Nutzung und -bewertung 
264 1 |a Frankfurt a.M.  |c 1999 
336 |a Text  |b txt  |2 rdacontent 
337 |a ohne Hilfsmittel zu benutzen  |b n  |2 rdamedia 
338 |a Band  |b nc  |2 rdacarrier 
773 0 8 |i In  |t Media-Perspektiven  |d Frankfurt, M. : Media-Perspektiven, 1970  |g (1999), 8, Seite 423-429  |w (DE-627)129430811  |w (DE-600)192589-1  |w (DE-576)01480350X  |x 0170-1754  |7 nnas 
773 1 8 |g year:1999  |g number:8  |g pages:423-429 
889 |w (DE-627)1766396828 
935 |a mkri 
935 |i mdedup 
951 |a AR 
ELC |b 1 
LOK |0 000 xxxxxcx a22 zn 4500 
LOK |0 001 3294946147 
LOK |0 003 DE-627 
LOK |0 004 1637011571 
LOK |0 005 20160223094633 
LOK |0 008 160208||||||||||||||||ger||||||| 
LOK |0 040   |a DE-21-110  |c DE-627  |d DE-21-110 
LOK |0 689   |a s  |a Internet 
LOK |0 689   |a s  |a Nutzung 
LOK |0 852   |z Kein Bestand am IfK; Nachweis für KrimDok 
LOK |0 852   |a DE-21-110 
LOK |0 852 1  |m v  |9 00 
LOK |0 935   |a k110 
LOK |0 938   |k v 
LOK |0 939   |a 08-02-16  |b l01 
ORI |a SA-MARC-krimdoka001.raw